[Event "Stuttgart-chA int"]
[Site "Ditzingen"]
[Date "2014.05.30"]
[Round "4"]
[White "Florio, Antonio"]
[Black "Gheng, Simona"]
[Result "0-1"]
[WhiteElo "1927"]
[BlackElo "1988"]
[PlyCount "62"]
[EventDate "2014.05.29"]
[EventType "swiss"]
[EventRounds "7"]
[EventCountry "GER"]
[SourceTitle "EXT 2015"]
[Source "ChessBase"]
[SourceDate "2014.11.20"]
[SourceVersion "1"]
[SourceVersionDate "2014.11.20"]
[SourceQuality "1"]

1. c4 e6 2. Nc3 d5 3. cxd5 exd5 4. d4 Nf6 5. g3 c6 6. Bg2 Bb4 7. Bd2 Nbd7 8. Nf3 0-0 9. 0-0 Re8 10. Re1 Bxc3 11. Bxc3 Ne4 12. Qc2 Ndf6 13. Nd2 Bf5 14. Nxe4 Nxe4 15. Qb3 Qd7 16. f3 Nxc3 17. Qxc3 Bh3 18. Bh1 Rad8 19. Rad1 h5 20. e3 Re6 21. Re2 Rde8 22. Bg2 Rg6 23. Rdd2 Bxg2 24. Rxg2 Qf5 25. Rgf2 Qg5 26. f4 Qg4 27. f5 Rh6 28. Rf4 Qh3 29. Qd3 h4 30. Rxh4 Rxh4 31. gxh4 Rxe3 0-1

[Event "Stuttgart-chA int"]
[Site "Ditzingen"]
[Date "2014.05.29"]
[Round "2"]
[White "Florio, Antonio"]
[Black "Bueter, Norbert"]
[Result "1/2-1/2"]
[WhiteElo "1927"]
[BlackElo "2049"]
[PlyCount "82"]
[EventDate "2014.05.29"]
[EventType "swiss"]
[EventRounds "7"]
[EventCountry "GER"]
[SourceTitle "EXT 2015"]
[Source "ChessBase"]
[SourceDate "2014.11.20"]
[SourceVersion "1"]
[SourceVersionDate "2014.11.20"]
[SourceQuality "1"]

1. c4 d6 2. g3 Nf6 3. Bg2 g6 4. e4 Bg7 5. Ne2 0-0 6. Nbc3 Nc6 7. 0-0 e5 8. d3 a6 9. a3 a5 10. Rb1 Bd7 11. h3 Qc8 12. Kh2 Ne7 13. Be3 Nh5 14. g4 Nf6 15. Ng3 c6 16. Na4 Ra6 17. Nb6 Qc7 18. Nxd7 Nxd7 19. f4 exf4 20. Bxf4 c5 21. Qd2 Nc6 22. Bh6 Nde5 23. Bxg7 Kxg7 24. Qg5 Nd7 25. Nh5+ Kh8 26. Nf6 Nxf6 27. Rxf6 Kg7 28. Rbf1 Ne5 29. Qh4 Rb6 30. g5 Nxd3 31. Qh6+ Kg8 32. Kh1 Rxb2 33. h4 Qd7 34. h5 Ne5 35. hxg6 hxg6 36. Bh3 Qa4 37. Be6 Qc2 38. Bxf7+ Rxf7 39. Rxg6+ Nxg6 40. Qxg6+ Rg7 41. Qe8+ Kh7 1/2-1/2

[Event "Stuttgart-chB int"]
[Site "Ditzingen"]
[Date "2012.05.20"]
[Round "7"]
[White "Florio, Antonio"]
[Black "Mayer, Markus1"]
[Result "0-1"]
[WhiteElo "1737"]
[BlackElo "1599"]
[PlyCount "68"]
[EventDate "2012.05.17"]
[EventType "swiss"]
[EventRounds "7"]
[EventCountry "GER"]
[SourceTitle "EXT 2018"]
[Source "ChessBase"]
[SourceDate "2017.10.13"]
[SourceVersion "1"]
[SourceVersionDate "2017.10.13"]
[SourceQuality "1"]

1. c4 e5 2. g3 Nf6 3. Bg2 Be7 4. Nc3 0-0 5. d3 c6 6. Nf3 Qc7 7. 0-0 d6 8. Rb1 a6 9. b4 d5 10. cxd5 cxd5 11. Qb3 d4 12. Nd5 Nxd5 13. Qxd5 Nc6 14. Qc4 Be6 15. Qc2 f6 16. Bd2 Rfc8 17. Qa4 b5 18. Qc2 Qb6 19. Qb2 Rc7 20. e3 Rac8 21. exd4 Nxd4 22. Nxd4 Qxd4 23. Qxd4 exd4 24. Rfe1 Kf7 25. Bf4 Rc2 26. Bb7 R8c3 27. Bxa6 Rxd3 28. Bxb5 Ra3 29. Be8+ Kxe8 30. Rxe6 d3 31. Rbe1 Ra7 32. b5 g5 33. b6 Rb7 34. Bc7 d2 0-1

[Event "Stuttgart-chB int"]
[Site "Ditzingen"]
[Date "2012.05.19"]
[Round "6"]
[White "Gorb, Eugeniusz"]
[Black "Florio, Antonio"]
[Result "1/2-1/2"]
[WhiteElo "1543"]
[BlackElo "1737"]
[PlyCount "87"]
[EventDate "2012.05.17"]
[EventType "swiss"]
[EventRounds "7"]
[EventCountry "GER"]
[SourceTitle "EXT 2018"]
[Source "ChessBase"]
[SourceDate "2017.10.13"]
[SourceVersion "1"]
[SourceVersionDate "2017.10.13"]
[SourceQuality "1"]

1. e4 c5 2. Nf3 Nc6 3. Bc4 g6 4. d4 cxd4 5. Nxd4 Bg7 6. Nxc6 bxc6 7. c3 Nf6 8. e5 Ng8 9. Qf3 e6 10. Bf4 Qb6 11. Bb3 Ba6 12. Nd2 Qc7 13. Qe3 Qb6 14. Qg3 f5 15. 0-0-0 Rb8 16. h4 Nh6 17. h5 Ng4 18. Ne4 fxe4 19. Qxg4 Bc4 20. Be3 Qb5 21. hxg6 Bxb3 22. axb3 Qxb3 23. Rd2 Qa2 24. Qxe4 Bxe5 25. f4 Qa1+ 26. Qb1 Qxb1+ 27. Kxb1 Bxc3 28. Rc2 hxg6 29. Rxh8+ Bxh8 30. Bxa7 Rb4 31. g3 Bd4 32. Bxd4 Rxd4 33. Rc3 Ke7 34. Kc2 Kd6 35. Rb3 Kd5 36. Rb8 Ke4 37. Rg8 Kf5 38. Kc3 c5 39. Rc8 d6 40. Rf8+ Ke4 41. Rf6 Rd3+ 42. Kc4 Rxg3 43. Rxe6+ Kxf4 44. Rxd6 1/2-1/2

[Event "Stuttgart-chB int"]
[Site "Ditzingen"]
[Date "2012.05.17"]
[Round "2"]
[White "Mavropoulos, Georgios"]
[Black "Florio, Antonio"]
[Result "0-1"]
[WhiteElo "1872"]
[BlackElo "1737"]
[PlyCount "93"]
[EventDate "2012.05.17"]
[EventType "swiss"]
[EventRounds "7"]
[EventCountry "GER"]
[SourceTitle "EXT 2018"]
[Source "ChessBase"]
[SourceDate "2017.10.13"]
[SourceVersion "1"]
[SourceVersionDate "2017.10.13"]
[SourceQuality "1"]

1. e4 c5 2. Nf3 Nc6 3. c4 e5 4. Nc3 g6 5. d3 Bg7 6. a3 Nge7 7. Rb1 a5 8. b3 0-0 9. Be2 f5 10. Bg5 h6 11. Bxe7 Nxe7 12. 0-0 f4 13. Ne1 Nc6 14. Nc2 d6 15. b4 axb4 16. axb4 cxb4 17. Nxb4 Nd4 18. f3 b5 19. Kh1 Nxe2 20. Qxe2 bxc4 21. dxc4 Be6 22. Nbd5 Bxd5 23. Nxd5 Ra3 24. Rb6 Qa8 25. c5 dxc5 26. Rxg6 Kh7 27. Re6 Ra2 28. Qc4 Ra1 29. Re7 Qa2 30. Qb5 Rxf1+ 31. Qxf1 Rb8 32. Nc3 Qc2 33. Nd1 Rd8 34. Nf2 Rd2 35. Kg1 c4 36. Rc7 c3 37. h4 Qb2 38. h5 c2 39. Rc8 Qd4 40. Kh2 Qxf2 41. Qxf2 Rxf2 42. Kh3 Bf6 43. Kg4 Rxg2+ 44. Kf5 Bg7 45. Ke6 Rg5 46. Rxc2 Rxh5 47. Rc7 0-1

[Event "Stuttgart-chB int"]
[Site "Gerlingen"]
[Date "2011.06.04"]
[Round "6"]
[White "Martin, Richard2"]
[Black "Florio, Antonio"]
[Result "0-1"]
[WhiteElo "1686"]
[BlackElo "1771"]
[PlyCount "50"]
[EventDate "2011.06.02"]
[EventType "swiss"]
[EventRounds "7"]
[EventCountry "GER"]
[SourceTitle "EXT 2018"]
[Source "ChessBase"]
[SourceDate "2017.10.13"]
[SourceVersion "1"]
[SourceVersionDate "2017.10.13"]
[SourceQuality "1"]

1. e4 c5 2. Nf3 Nc6 3. d3 g6 4. g3 Bg7 5. Bg2 e5 6. Be3 d6 7. 0-0 Nge7 8. Qd2 h6 9. Ne1 Be6 10. f4 exf4 11. c3 fxe3 12. Qxe3 Qd7 13. Qf2 0-0-0 14. Nd2 Rhf8 15. Nc2 f5 16. Qe2 d5 17. exf5 Rxf5 18. Rfc1 Rh5 19. Bf3 Re5 20. Qf2 d4 21. c4 Bg4 22. Bxg4 Qxg4 23. Ne4 Nf5 24. Kg2 Nh4+ 25. Kh1 Rf5 0-1

[Event "Stuttgart-chB int"]
[Site "Ditzingen"]
[Date "2009.05.24"]
[Round "7"]
[White "Florio, Antonio"]
[Black "Spiegelberg, Silvia"]
[Result "1-0"]
[WhiteElo "1776"]
[BlackElo "1553"]
[PlyCount "81"]
[EventDate "2009.05.21"]
[EventType "swiss"]
[EventRounds "7"]
[EventCountry "GER"]
[SourceTitle "EXT 2018"]
[Source "ChessBase"]
[SourceDate "2017.10.13"]
[SourceVersion "1"]
[SourceVersionDate "2017.10.13"]
[SourceQuality "1"]

1. d4 Nf6 2. Nf3 c5 3. c4 e6 4. g3 d5 5. Bg2 Nc6 6. 0-0 Bd7 7. cxd5 exd5 8. Nc3 Be6 9. Bg5 c4 10. e4 Be7 11. Bxf6 Bxf6 12. exd5 Bxd5 13. Re1+ Be7 14. Nxd5 Qxd5 15. Ne5 Qd6 16. Nxc6 bxc6 17. Qe2 Rc8 18. Rac1 Rc7 19. Rxc4 0-0 20. Rxc6 Rxc6 21. Bxc6 Qxc6 22. Qxe7 Qb6 23. Qd7 a6 24. Re8 Qa5 25. Rxf8+ Kxf8 26. Qc8+ Ke7 27. Qc5+ Qxc5 28. dxc5 a5 29. Kf1 Kd7 30. Ke2 Kc6 31. Kd3 Kxc5 32. Kc3 f6 33. b3 g6 34. a3 f5 35. b4+ axb4+ 36. axb4+ Kb5 37. f4 h6 38. h4 h5 39. Kb3 Kc6 40. Kc4 Kb6 41. b5 1-0

[Event "Stuttgart-chB int"]
[Site "Ditzingen"]
[Date "2009.05.21"]
[Round "2"]
[White "Florio, Antonio"]
[Black "Witt, Holger"]
[Result "1-0"]
[WhiteElo "1776"]
[BlackElo "1555"]
[PlyCount "79"]
[EventDate "2009.05.21"]
[EventType "swiss"]
[EventRounds "7"]
[EventCountry "GER"]
[SourceTitle "EXT 2018"]
[Source "ChessBase"]
[SourceDate "2017.10.13"]
[SourceVersion "1"]
[SourceVersionDate "2017.10.13"]
[SourceQuality "1"]

1. d4 e6 2. Nf3 Nf6 3. g3 d5 4. Bg2 c6 5. 0-0 Be7 6. c4 0-0 7. Nc3 Nbd7 8. cxd5 exd5 9. a3 a5 10. Qc2 Re8 11. Re1 Bd6 12. Rb1 Ne4 13. Nxe4 dxe4 14. Ng5 Nf6 15. Nxe4 Be7 16. Nxf6+ Bxf6 17. e3 Be6 18. b4 a4 19. b5 Bb3 20. Qd3 Qd6 21. Bd2 Qxa3 22. bxc6 bxc6 23. Bxc6 Qd6 24. Bxa8 Rxa8 25. Rxb3 axb3 26. Qxb3 g6 27. Rb1 Kg7 28. Qb7 Ra2 29. Bb4 Qe6 30. Qb8 h5 31. Bf8+ Kh7 32. Qf4 Bg7 33. Bxg7 Kxg7 34. Qe5+ Qxe5 35. dxe5 Ra7 36. h4 Re7 37. f4 Rc7 38. Kf2 Rc2+ 39. Kf3 Rc4 40. Rb6 1-0

[Event "Stuttgart-chB int"]
[Site "Ditzingen"]
[Date "2008.05.01"]
[Round "1"]
[White "Adler, Alexander"]
[Black "Florio, Antonio"]
[Result "1-0"]
[WhiteElo "1584"]
[BlackElo "1750"]
[PlyCount "75"]
[EventDate "2008.05.01"]
[EventType "swiss"]
[EventRounds "7"]
[EventCountry "GER"]
[SourceTitle "EXT 2018"]
[Source "ChessBase"]
[SourceDate "2017.10.13"]
[SourceVersion "1"]
[SourceVersionDate "2017.10.13"]
[SourceQuality "1"]

1. e4 c5 2. b4 cxb4 3. a3 Qa5 4. Bb2 e6 5. Nf3 Nf6 6. Bd3 Qh5 7. axb4 Bxb4 8. c3 Bc5 9. Bc2 Nc6 10. d4 Be7 11. e5 Nd5 12. h3 f5 13. Qd2 b6 14. Ba3 Bb7 15. Bxe7 Ncxe7 16. Na3 0-0 17. Nb5 Nc8 18. c4 Nde7 19. Bd1 f4 20. Nc7 Rb8 21. d5 a5 22. Ba4 exd5 23. cxd5 Qf5 24. 0-0 g5 25. Rfe1 g4 26. Bc2 Qh5 27. hxg4 Qxg4 28. Qd3 Rf7 29. Re4 Rg7 30. Ne1 Na7 31. Raa4 Nac6 32. Rxf4 Qh5 33. dxc6 Bxc6 34. Rad4 Ng6 35. Qb3+ Kh8 36. Bxg6 Bxg2 37. Nxg2 Rxg6 38. Qf3 1-0

[Event "Stuttgart-chB int"]
[Site "Ditzingen"]
[Date "2008.05.01"]
[Round "3"]
[White "Kruck, Matthias"]
[Black "Florio, Antonio"]
[Result "0-1"]
[WhiteElo "1583"]
[BlackElo "1750"]
[PlyCount "69"]
[EventDate "2008.05.01"]
[EventType "swiss"]
[EventRounds "7"]
[EventCountry "GER"]
[SourceTitle "EXT 2018"]
[Source "ChessBase"]
[SourceDate "2017.10.13"]
[SourceVersion "1"]
[SourceVersionDate "2017.10.13"]
[SourceQuality "1"]

1. Nf3 Nf6 2. d4 e6 3. c4 Bb4+ 4. Bd2 Be7 5. Nc3 b6 6. g3 Bb7 7. Bg2 0-0 8. 0-0 Na6 9. Rc1 c5 10. e3 Qc8 11. Qe2 Nc7 12. e4 cxd4 13. Nxd4 d6 14. Bf4 Nd7 15. Be3 Na6 16. a3 Nab8 17. Rfd1 a6 18. b4 Nc6 19. Nf3 h6 20. Na4 Qd8 21. e5 d5 22. cxd5 exd5 23. Nd4 Nxd4 24. Bxd4 a5 25. Qb5 axb4 26. axb4 Ba6 27. Qxd5 Be2 28. Nxb6 Nxb6 29. Qxd8 Raxd8 30. Rd2 Bxb4 31. Rxe2 Rxd4 32. Rb1 Bc5 33. Kf1 Rfd8 34. Ra2 Nd5 35. Re1 0-1

[Event "Stuttgart-chB int"]
[Site "Ditzingen"]
[Date "2005.05.05"]
[Round "2"]
[White "Michna, Marcus"]
[Black "Florio, Antonio"]
[Result "1/2-1/2"]
[WhiteElo "1577"]
[BlackElo "1761"]
[PlyCount "63"]
[EventDate "2005.05.05"]
[EventType "swiss"]
[EventRounds "7"]
[EventCountry "GER"]
[SourceTitle "EXT 2018"]
[Source "ChessBase"]
[SourceDate "2017.10.13"]
[SourceVersion "1"]
[SourceVersionDate "2017.10.13"]
[SourceQuality "1"]

1. d4 f5 2. e4 fxe4 3. Nc3 Nf6 4. f3 e6 5. fxe4 Bb4 6. Bg5 d6 7. Bd3 e5 8. dxe5 dxe5 9. Qd2 Nc6 10. Nf3 Bg4 11. Rf1 Qe7 12. a3 Bxc3 13. Qxc3 0-0-0 14. 0-0-0 Nd4 15. Bxf6 gxf6 16. Rd2 Rhg8 17. Bc4 Bxf3 18. gxf3 Rg7 19. Qa5 a6 20. Rfd1 Rd6 21. Qb4 Nxf3 22. Rxd6 cxd6 23. Qc3 Nd4 24. Bxa6+ Qc7 25. Qxc7+ Kxc7 26. Bd3 Rg2 27. Rd2 Rxd2 28. Kxd2 Nf3+ 29. Ke3 Nxh2 30. Be2 h5 31. Bxh5 Nf1+ 32. Kf3 1/2-1/2

[Event "Stuttgart-chB"]
[Site "Stuttgart"]
[Date "2003.??.??"]
[Round "?"]
[White "Spreemann, Tarek"]
[Black "Florio, Antonio"]
[Result "1/2-1/2"]
[WhiteElo "1650"]
[BlackElo "1800"]
[PlyCount "72"]
[EventDate "2003.??.??"]
[EventType "swiss"]
[EventRounds "9"]
[EventCountry "GER"]
[SourceTitle "EXT 2007"]
[Source "ChessBase"]
[SourceDate "2006.11.23"]
[SourceVersion "1"]
[SourceVersionDate "2006.11.23"]
[SourceQuality "1"]

1. Nf3 c5 2. c4 e6 3. d4 d5 4. e3 Nf6 5. Bd3 Nc6 6. 0-0 Qc7 7. Nc3 dxc4 8. Bxc4 a6 9. a4 Bd7 10. Qe2 cxd4 11. exd4 Ng4 12. g3 Bd6 13. d5 Nce5 14. Nxe5 Nxe5 15. dxe6 fxe6 16. Ne4 Be7 17. Bb3 Nc6 18. Rd1 Qb6 19. Ba2 Nd4 20. Qe3 e5 21. Nc3 Bc6 22. Nd5 Qd8 23. Rxd4 exd4 24. Qxd4 Qd7 25. Qxg7 Rf8 26. Qxe7+ Qxe7 27. Nxe7 Kxe7 28. Be3 Kd7 29. Rd1+ Kc7 30. a5 Rae8 31. Bc4 Kb8 32. b3 Rd8 33. Rxd8+ Rxd8 34. Be2 Bb5 35. Bxb5 axb5 36. b4 Rd3 1/2-1/2